| 000 | 00455nam a2200109Ia 4500 | ||
|---|---|---|---|
| 008 | 160909s9999 xx 000 0 und d | ||
| 100 | _aTaylor, Timothy L. | ||
| 245 | _aAcademic success of at-risk African American male students who receive culturally relevant teaching, college readiness preparation, and mentorship | ||
| 260 |
_bCapella University. _c2016 |
||
| 650 | _aMULTIMEDIA ARTS | ||
| 856 | _uhttp://pqdtopen.proquest.com/doc/1807430432.html?FMT=ABS | ||
| 999 |
_c304349 _d304349 |
||